| 000 | 00851nam a2200253Ia 4500 | ||
|---|---|---|---|
| 003 | OSt | ||
| 005 | 20220930093901.0 | ||
| 006 | a|||||r|||| 00| 0 | ||
| 007 | ta | ||
| 008 | 220926b |||||||| |||| 00| 0 tam d | ||
| 024 | _a62951 | ||
| 037 | _cTheses | ||
| 040 |
_aCRL _cCRL _btam |
||
| 041 |
_2tam _atam |
||
| 100 |
_aSuresh K Au. _9553613 |
||
| 110 |
_aUniversity of Delhi. Faculty of Arts. Department of of Modern Indian Languages and Literary Studies _9553614 |
||
| 245 | 0 |
_aStudy of twentieth century tamil dramatic texts _b (1900-1950) |
|
| 260 | _c2018 | ||
| 300 |
_a233p. _ap. _ccm. |
||
| 700 |
_a Seenivasan S Gu. _9553615 |
||
| 700 |
_aUniversity of Delhi. Faculty of Arts. Department of of Modern Indian Languages and Literary Studies _9553616 |
||
| 942 |
_cDIS _2CC |
||
| 999 |
_c886159 _d886159 |
||